• 首页
  • 本馆介绍
  • 公告通知
  • 最新文献
  • 馆藏检索
  • 电子资源
  • 读者导购
  • 参考咨询
  • 我的图书馆
  • 登录
  • 详细信息显示
  • 放入我的书架
  • 预约/预借图书
  • 作者相关作品
  • 分类相关作品
  • 丛书相关作品
  • 出版社相关作品

书目信息

  • 表格格式
  • 工作单格式
  • 卡片格式
题名:
精益求精的最优化
    
 
作者: 李惠玲 著
分册:  
出版信息: 南宁   广西教育出版社  1999
页数: 138页
开本: 20cm
丛书名: 走向科学的明天丛书
单 册:
中图分类: O224
科图分类:
主题词: 最优化算法
电子资源:
ISBN: 7-5435-2977-7
000 00895oam2 2200277 45
001 0900000029720
005 20051114152144.64
010    @a7-5435-2977-7@dCNY9.00
092    @aCN
100    @a20050420d1999 ekmy0chiy0120 ea
101 0  @achi
102    @aCN@b450000
105    @af z 000yy
200 1  @a精益求精的最优化@9jing yi qiu jing de zui you hua@f李惠玲等著@Fli hui ling deng zhu
210    @a南宁@c广西教育出版社@d1999
215    @a138页@c照片@d20cm
225 2  @a走向科学的明天丛书@i数学
300    @a国家“九五”重点图书出版规划项目
330    @a本书介绍了寻求最优的基本思想。阐述了传统的优化方法,而且着重介绍了现代应用数学的分支——运筹学中的优化基本方法。
410  0 @12001 @a走向科学的明天丛书
606 0  @a最优化算法
690    @aO224@v4
701  0 @a李惠玲@Ali hui ling@4著
801  0 @aCN@bCXYBOOK@c20051114
905    @a10447@dO224@e101
999    @aAFJ@eJDD
    
    精益求精的最优化/李惠玲等著.-南宁:广西教育出版社,1999
    138页:照片;20cm.-(走向科学的明天丛书.数学)
    国家“九五”重点图书出版规划项目
    
    ISBN 7-5435-2977-7:CNY9.00
    本书介绍了寻求最优的基本思想。阐述了传统的优化方法,而且着重介绍了现代应用数学的分支——运筹学中的优化基本方法。
●
相关链接 在E读中查询图书 在五车中查询图书 在当当中查询图书 在豆瓣中查询图书


正题名:精益求精的最优化     索取号:O224/101         预约/预借

序号 登录号 条形码 馆藏地/架位号 状态 备注
1 0367129   203671295   第二样本阅览室/ [索取号:O224/101] 在馆    
2 0367130   203671302   第三借阅区/ [索取号:O224/101] 在馆    
3 0367131   203671311   第三借阅区/ [索取号:O224/101] 在馆    
4 0367132   203671320   第三借阅区/ [索取号:O224/101] 在馆    
5 0367133   203671339   第三借阅区/ [索取号:O224/101] 在馆    
6 0367134   203671348   第三借阅区/ [索取号:O224/101] 在馆    
7 0367135   203671357   第三借阅区/ [索取号:O224/101] 在馆    
8 0367136   203671366   第三借阅区/ [索取号:O224/101] 在馆    
唐山师范学院图书馆 欢迎您!
大连网信软件有限公司© 版权所有